01374nam a2200361Ia 4500001001200000003000800012006001900020007001500039008004100054010001700095020001800112020001800130020002700148040002100175035002100196050002500217082001600242245014500258260003200403300001900435490002800454504005100482533015200533650004000685650002800725655002900753700002300782700001800805710001700823830002900840856012600869999001700995ebr10224693CaPaEBRm u cr cn|||||||||960523s1997 nyua sb 001 0 eng d z 96022204  z9780826478696 z9781847141378 z0304337668 (hardcover) aCaPaEBRcCaPaEBR a(OCoLC)61449913614aP302.84b.G46 1997eb04a401/.4122000aGenre and institutionsh[electronic resource] :bsocial processes in the workplace and school /cedited by Frances Christie and J.R. Martin. aNew York :bCassell,c1997. a270 p. :bill.1 aOpen linguistics series aIncludes bibliographical references and index. aElectronic reproduction.bPalo Alto, Calif. :cebrary,d2009.nAvailable via World Wide Web.nAccess may be limited to ebrary affiliated libraries. 0aDiscourse analysisxSocial aspects. 0aLanguage and education. 7aElectronic books.2local1 aChristie, Frances.1 aMartin, J. R.2 aebrary, Inc. 0aOpen linguistics series.40uhttp://site.ebrary.com/lib/rucke/Doc?id=10224693zAn electronic book accessible through the World Wide Web; click to view c26359d26359